RUBBER forest plantation

Bibliographic Details
Format: Book
Published: Kuala Lumpur : Lembaga Getah Malaysia , 2003
Series:Malaysian Rubber Board monograph ; no. 5
Subjects:

MARC

LEADER 00000cam a2200000 7i4500
001 0000002820
005 20040116.0
020 0 0 |a 983208816X 
090 0 0 |a 633.8952509595   |b RUB 2003 
245 0 0 |a RUBBER forest plantation 
260 0 0 |a Kuala Lumpur :   |b Lembaga Getah Malaysia ,   |c 2003 
300 |a 22 p. :   |b col. ill. ;   |c 23 cm. 
440 0 0 |a Malaysian Rubber Board monograph ; no. 5 
650 0 0 |a Rubber plants   |z Malaysia 
998 |a JPSM 
999 |a 0000004698   |b Monograph   |c Open Shelf   |e Default branch